[Event "40th Asia-ch U20"]
[Site "Ulaanbaatar MGL"]
[Date "2018.08.22"]
[Round "5"]
[White "Batsuren, Dambasuren"]
[Black "Yakubboev, Nodirbek"]
[Result "0-1"]
[WhiteElo "2446"]
[BlackElo "2512"]
[EventDate "2018.08.19"]
[PlyCount "0"]

1.d4 Nf6 2.c4 e6 3.Nf3 b6 4.a3 Bb7 5.Nc3 Ne4 6.Nxe4 Bxe4 7.Nd2 Bb7 8.e4 
Qf6 9.e5 Qg6 10.h4 c5 11.Rh3 f6 12.Rg3 Qf7 13.exf6 Qxf6 14.d5 Be7 15.Bd3 
exd5 16.cxd5 Bxd5 17.Ne4 Qd4 18.Be3 Qe5 19.f4 Qe6 20.Nc3 Bb3 21.Qh5+ Kd8 
22.Be4 Nc6 23.Kf2 Bf6 24.Bf3 g6 25.Qh6 Nd4 26.Bg4 Nf5 27.Bxf5 Qxf5 28.Re1 
Kc7 29.Kg1 Kc6 30.Bf2 Bc2 31.Rge3 Qh5 32.Qxh5 gxh5 33.Ne4 Bxb2 34.Ng3 Bg6 
35.f5 Bf7 36.Ne4 h6 37.R1e2 Bd4 38.Rf3 Bxf2+ 39.Kxf2 Rhf8 40.Ng3 Rae8 41.
Rxe8 Rxe8 42.f6 b5 43.Nf5 Rf8 44.Nxh6 Be6 45.Nf5 a5 46.Ne7+ Kd6 47.Ng6 Rf7
48.Nh8 Rf8 49.Ng6 Rg8 50.Ne7 Re8 51.Nf5+ Bxf5 52.Rxf5 b4 53.axb4 axb4 54.
f7 Rf8 55.Ke3 Kc6 56.Kd3 d5 57.Rf6+ Kd7 58.g3 Ke7 59.Rf5 Ke6 60.Rxh5 Rxf7 
61.g4 Rf3+ 62.Ke2 Rg3 63.Rh6+ Ke5 64.g5 b3 65.Rb6 c4 66.g6 b2 67.h5 Rg5 
68.Kf3 Rxh5 69.Rxb2 Rg5 70.Rb6 Kd4 71.Rd6 c3 72.Ke2 Rg1 73.Rc6 Rg2+ 74.Kf3
Rg5 75.Ke2 Re5+ 76.Kf3 Kd3 77.Rc5 Rg5 78.g7 Rxg7 79.Rxd5+ Kc2 80.Rb5 Re7 
81.Rb6 Kc1 82.Rc6 c2 83.Rb6 Re5 84.Rb7 Kd2 85.Rd7+ Kc3 86.Rc7+ Kd3 87.Rc6 
Re1 88.Rd6+ Kc3 89.Rc6+ Kb3 90.Rb6+ Ka4 0-1

[Event "40th Asia-ch U20"]
[Site "Ulaanbaatar MGL"]
[Date "2018.08.22"]
[Round "5"]
[White "Priasmoro, Novendra"]
[Black "Garidmagnai, Byambasuren"]
[Result "1-0"]
[WhiteElo "2485"]
[BlackElo "2128"]
[EventDate "2018.08.19"]
[PlyCount "0"]

1.e4 e6 2.d4 d5 3.Nc3 dxe4 4.Nxe4 Nd7 5.Nf3 Ngf6 6.Bg5 Be7 7.Bxf6 Nxf6 8.
Bd3 O-O 9.Nxf6+ Bxf6 10.Qe2 c5 11.O-O-O cxd4 12.Qe4 g6 13.h4 e5 14.Nxe5 
Qa5 15.f4 Qxa2 16.Qxd4 Be6 17.Qb4 Rfd8 18.h5 Rd5 19.Rhe1 Rad8 20.hxg6 hxg6
21.Qxb7 Bxe5 22.Rxe5 Rd4 23.Qb5 Rxf4 24.Qa5 Qxa5 25.Rxa5 Rd7 26.Be2 Rc7 
27.Rf1 Rb4 28.c3 Rb8 29.Rf4 Rcb7 30.b4 Rd8 31.Bc4 Bxc4 32.Rxc4 Rd3 33.g4 
Rg3 34.Kc2 Kg7 35.Kb3 Rg1 36.g5 Rb1+ 37.Kc2 Rf1 38.Rc6 Rf3 39.Kb3 Re7 40.
Rac5 Re1 41.Rc7 Ra1 42.Rb7 Rf5 43.Kc4 Ra3 44.Kd4 Rf3 45.Rcc7 Rf4+ 46.Ke3 
Rf5 47.Rxa7 Rb3 48.Kd3 Rb2 49.Rc5 Rf4 50.b5 Rf5 51.Kc4 Rf1 52.Kd5 Rc1 53.
c4 Rg1 54.Kc6 Rgb1 55.Rd5 Rb3 56.Ra8 Rb4 57.Kc5 1-0

[Event "40th Asia-ch U20"]
[Site "Ulaanbaatar MGL"]
[Date "2018.08.22"]
[Round "5"]
[White "Gan-Erdene, Sugar"]
[Black "Bulgankhan, Ganzorig"]
[Result "1-0"]
[WhiteElo "2309"]
[BlackElo "2103"]
[EventDate "2018.08.19"]
[PlyCount "0"]

1.e4 c5 2.Nf3 d6 3.d4 cxd4 4.Nxd4 Nf6 5.Nc3 a6 6.h3 e5 7.Nb3 h5 8.Be3 Be6 
9.Be2 Nbd7 10.O-O Rc8 11.f4 Be7 12.Qd2 Qc7 13.Rac1 Nb6 14.f5 Nc4 15.Bxc4 
Bxc4 16.Rfe1 O-O 17.Qf2 d5 18.exd5 Nxd5 19.Nxd5 Bxd5 20.c4 Bc6 21.Bb6 Qb8 
22.Qe2 h4 23.Qxe5 Bd6 24.Qe2 Bh2+ 25.Kh1 Bg3 26.Bf2 Rfe8 27.Qf1 Qf4 28.
Bxg3 Qxg3 29.Rxe8+ Rxe8 30.Kg1 Re5 31.Rd1 Rxf5 32.Rd8+ Kh7 33.Qxf5+ g6 34.
Qxf7+ Kh6 35.Rh8+ Kg5 36.Qe7+ Kf4 37.Rf8# 1-0

[Event "40th Asia-ch U20"]
[Site "Ulaanbaatar MGL"]
[Date "2018.08.22"]
[Round "5"]
[White "Amartuvshin, Ganzorig"]
[Black "Agibileg, Uurtsaikh"]
[Result "1-0"]
[WhiteElo "2236"]
[BlackElo "2302"]
[EventDate "2018.08.19"]
[PlyCount "0"]

1.d4 Nf6 2.c4 g6 3.Nc3 Bg7 4.e4 d6 5.Be2 O-O 6.Nf3 e5 7.O-O Nc6 8.d5 Ne7 
9.Nd2 Nd7 10.b4 f5 11.c5 Nf6 12.f3 f4 13.Nc4 g5 14.cxd6 cxd6 15.Nb5 Ne8 
16.Bd2 Rf6 17.Be1 Rh6 18.Bf2 b6 19.a4 Nc7 20.Nxc7 Qxc7 21.b5 Kh8 22.a5 Rb8
23.Qa4 Ng8 24.axb6 Qf7 25.g4 fxg3 26.Bxg3 axb6 27.Qa3 Qf8 28.Qa7 Bh3 29.
Rf2 Rf6 30.Qa3 h5 31.Bf1 Bd7 32.h3 Bxb5 33.Nxe5 Qe8 34.Bxb5 Qxb5 35.Nc6 
Re8 36.Rd1 g4 37.hxg4 hxg4 38.Nd4 Qd7 39.Ne6 gxf3 40.Rxf3 Qf7 41.Rdf1 Qg6 
42.e5 Rxf3 43.Qxf3 Bxe5 44.Kg2 Nf6 45.Nf4 Bxf4 46.Qxf4 Nxd5 47.Qd4+ Re5 
48.Re1 Nf4+ 49.Kf3 Qh5+ 50.Kf2 Qg4 51.Bxf4 Qh4+ 52.Kf3 Qh5+ 53.Kg3 Qg6+ 
54.Kf2 Qc2+ 55.Kf3 Qf5 56.Rh1+ Kg8 57.Rg1+ Kf7 58.Qc4+ Re6 59.Qc7+ Re7 60.
Rg7+ Kxg7 61.Qxe7+ Kg6 62.Qxd6+ Qf6 63.Qc7 Kf5 64.Qc2+ Ke6 65.Ke3 Kd5 66.
Qe4+ Kc5 67.Qc2+ Kb4 68.Qe4+ Kb5 69.Qd3+ Kc6 70.Qe4+ Kb5 71.Qd5+ Ka6 72.
Qc4+ b5 73.Qc8+ Ka5 74.Qa8+ Kb4 75.Qe4+ Kb3 76.Qd5+ Ka4 77.Qd1+ Ka3 78.
Bd6+ b4 79.Qd3+ Ka4 80.Qc2+ Ka3 81.Qd3+ Ka4 82.Qc2+ Ka3 83.Qd3+ Ka4 84.
Qd1+ b3 85.Qg4+ Kb5 86.Qd7+ 1-0

[Event "40th Asia-ch U20"]
[Site "Ulaanbaatar MGL"]
[Date "2018.08.22"]
[Round "5"]
[White "Chinguun, Sumiya"]
[Black "Tugstumur, Yesuntumur"]
[Result "0-1"]
[WhiteElo "2108"]
[BlackElo "2361"]
[EventDate "2018.08.19"]
[PlyCount "0"]

1.e4 c5 2.Nf3 e6 3.d4 cxd4 4.Nxd4 Nc6 5.Nc3 Qc7 6.Be3 a6 7.a3 Nf6 8.f4 d6 
9.Qf3 Be7 10.O-O-O Nxd4 11.Rxd4 e5 12.Rd2 b5 13.f5 Bb7 14.g4 Rc8 15.g5 
Nxe4 16.Nxe4 d5 17.f6 dxe4 18.fxg7 Rg8 19.Qf2 Rxg7 20.Bh3 Rd8 21.Rxd8+ 
Bxd8 22.Qf5 Bd5 23.Rd1 Be6 24.Rxd8+ Qxd8 25.Qxe5 Kf8 26.Bc5+ Kg8 27.Bd4 
Qxg5+ 28.Qxg5 Rxg5 29.Be3 Rh5 30.Bxe6 fxe6 31.Bf4 e5 32.Bg3 Kf7 33.Kd2 Ke6
34.Ke3 Kf5 35.b3 Rh6 36.c3 Rd6 37.Ke2 Rd3 38.Be1 Rh3 39.Bg3 h5 40.Kf2 h4 
41.Kg2 hxg3 42.Kxh3 gxh2 43.Kxh2 e3 44.Kg2 Ke4 45.c4 bxc4 46.bxc4 Kd3 47.
c5 e2 48.c6 e1=Q 49.c7 Qc1 50.a4 Qxc7 51.a5 Ke2 52.Kh1 Kf2 0-1

[Event "40th Asia-ch U20"]
[Site "Ulaanbaatar MGL"]
[Date "2018.08.22"]
[Round "5"]
[White "Baasansuren, Erdene"]
[Black "Itgelt, Khuyagtsogt"]
[Result "1-0"]
[WhiteElo "2240"]
[BlackElo "2119"]
[EventDate "2018.08.19"]
[PlyCount "0"]

1.d4 Nf6 2.c4 e6 3.g3 d5 4.Nf3 Be7 5.Bg2 O-O 6.O-O dxc4 7.Na3 Bxa3 8.bxa3 
b5 9.a4 a6 10.Ba3 Re8 11.Ne5 Nd5 12.e4 Nf6 13.Nxf7 Kxf7 14.e5 c6 15.exf6 
Qxf6 16.Be4 g6 17.Bd6 Bb7 18.axb5 axb5 19.a4 Qd8 20.Qf3+ Kg8 21.Qf4 Qd7 
22.h4 Rd8 23.Be5 b4 24.Qf6 Rf8 25.Qh8+ Kf7 26.Qxh7+ Ke8 27.Qxg6+ Kd8 28.
Qg5+ Kc8 29.Bxb8 Rxb8 30.Qc5 Rg8 31.Qxc4 Qd6 32.Bg2 Kc7 33.Rab1 Rg4 34.
Qxb4 Rxd4 35.Qb6+ Kd7 36.a5 Kc8 37.Rfc1 Ba8 38.Qxb8+ Qxb8 39.Rxb8+ Kxb8 
40.Bxc6 1-0

[Event "40th Asia-ch U20"]
[Site "Ulaanbaatar MGL"]
[Date "2018.08.22"]
[Round "5"]
[White "Suleymenov, Alisher"]
[Black "Taivanbat, Chimeddorj"]
[Result "0-1"]
[WhiteElo "2343"]
[BlackElo "1691"]
[EventDate "2018.08.19"]
[PlyCount "0"]

1.d4 d5 2.c4 e6 3.Nc3 Nf6 4.cxd5 exd5 5.Bg5 Be7 6.e3 c6 7.Bd3 Bg4 8.Nge2 
Nbd7 9.O-O Bh5 10.f3 Bg6 11.e4 dxe4 12.fxe4 O-O 13.Bf4 Re8 14.h3 c5 15.e5 
Nh5 16.Bxg6 hxg6 17.Bh2 cxd4 18.Ne4 Nxe5 19.Bxe5 Bf8 20.Qb3 Rxe5 21.Qxf7+ 
Kh7 22.N2g3 Qe7 23.Qf3 Nxg3 24.Nxg3 Re8 25.Rad1 Qg5 26.Qf4 Bd6 27.Ne2 Qh5 
28.Nxd4 Re1 29.Qg4 Qxg4 30.hxg4 Rxd1 31.Rxd1 Bc5 32.Kh2 Rd8 33.Nb3 Rxd1 
34.Nxc5 b6 35.Na4 Rd4 36.Nc3 Rd2 37.b4 Rc2 38.Ne4 Rxa2 39.b5 a6 40.bxa6 
Rxa6 41.Kg3 Ra4 42.Kf3 Kh6 43.Kf4 b5 44.g5+ Kh5 0-1

[Event "40th Asia-ch U20"]
[Site "Ulaanbaatar MGL"]
[Date "2018.08.22"]
[Round "5"]
[White "Tengis, Tsog-Ochir"]
[Black "Erdemdalai, Yondonjamts"]
[Result "1-0"]
[WhiteElo "2186"]
[BlackElo "1788"]
[EventDate "2018.08.19"]
[PlyCount "0"]

1.d4 Nf6 2.c4 g6 3.g3 c6 4.Bg2 d5 5.Nf3 Bg7 6.cxd5 cxd5 7.O-O O-O 8.Ne5 
Nc6 9.Nxc6 bxc6 10.Nc3 Bf5 11.h3 Nd7 12.e4 dxe4 13.Nxe4 Nb6 14.Be3 Nc4 15.
Nc5 e5 16.d5 Nxe3 17.fxe3 Qg5 18.g4 Qxe3+ 19.Kh1 Qxc5 20.gxf5 cxd5 21.fxg6
e4 22.gxf7+ Kh8 23.Rf5 Rad8 24.Bxe4 Qc8 25.Bd3 Rxf7 26.Qh5 1-0

[Event "40th Asia-ch U20"]
[Site "Ulaanbaatar MGL"]
[Date "2018.08.22"]
[Round "5"]
[White "Batbold, Nyamsuren"]
[Black "Chinguun, Otgonbayar"]
[Result "1/2-1/2"]
[WhiteElo "1759"]
[BlackElo "1952"]
[EventDate "2018.08.19"]
[PlyCount "0"]

1.d4 d5 2.Nf3 Nf6 3.c3 c5 4.Bg5 e6 5.e3 Nc6 6.Nbd2 Be7 7.Bd3 O-O 8.O-O Qc7
9.Bxf6 Bxf6 10.dxc5 Ne5 11.Nxe5 Bxe5 12.Nf3 Bf6 13.Qc2 g6 14.b4 b6 15.cxb6
axb6 16.Rfc1 Bd7 17.a4 Rfc8 18.Ra3 Qd6 19.Qb3 Ra7 20.Nd4 Rac7 21.Ne2 e5 
22.Rd1 Be6 23.Qb2 Qe7 24.e4 dxe4 25.Bxe4 Bc4 26.Ng3 Kg7 27.a5 bxa5 28.bxa5
Ra7 29.Rda1 Qc7 30.a6 Be7 31.Ra4 Be6 32.c4 f5 33.Bb7 Rd8 34.Rc1 Bc5 35.h3 
Rd3 36.Ne2 Kf8 37.Nc3 Bd4 38.Nb5 Bxb2 39.Nxc7 Bxc1 40.Nxe6+ Ke7 41.Nc7 Rd7
42.Nd5+ Kd6 43.Nb4 Rc7 44.Nd3 Rcxb7 45.axb7 Rxb7 46.Ra6+ Ke7 47.Nxe5 Rb1 
48.Nc6+ Kd7 49.Kh2 Rb2 50.Ne5+ Ke7 51.Nd3 Rc2 52.Ra7+ Kf6 53.c5 Bh6 54.
Rxh7 Bg7 55.Rh4 Kg5 56.Rb4 Rc3 57.h4+ Kh6 58.Ne1 Rxc5 59.Nf3 Rc2 60.Kg3 
Bf8 61.Rd4 Bc5 62.Rd2 Rc4 63.Kh3 Rc3 64.Kh2 Be7 65.Rd7 Bf6 66.Rf7 Bd8 67.
Rd7 Bf6 68.Rf7 Bd8 69.Rf8 Bc7+ 70.Kh3 Bb6 1/2-1/2

[Event "40th Asia-ch U20"]
[Site "Ulaanbaatar MGL"]
[Date "2018.08.22"]
[Round "5"]
[White "Amilal, Munkhdalai"]
[Black "Tenuunbold, Battulga"]
[Result "0-1"]
[WhiteElo "1790"]
[BlackElo "1469"]
[EventDate "2018.08.19"]
[PlyCount "0"]

1.d4 d5 2.Nf3 Nf6 3.Bf4 c5 4.e3 Nc6 5.c3 e6 6.Nbd2 Bd6 7.Bg3 O-O 8.Bd3 b6 
9.Ne5 Bb7 10.f4 Ne7 11.Qf3 Nf5 12.Bf2 Be7 13.g4 Nd6 14.Bh4 Nfe4 15.Bxe7 
Qxe7 16.Qh3 f5 17.g5 cxd4 18.exd4 Nxd2 19.Kxd2 Ne4+ 20.Ke3 b5 21.Bxb5 a6 
22.Bd3 Rab8 23.Qg2 Rfc8 24.Rhc1 a5 25.h4 Ba8 26.Rab1 a4 27.Rc2 Qd7 28.Qg1 
a3 29.Bxe4 fxe4 30.b4 Bc6 31.Qc1 Bb5 32.Rg2 Bc4 33.Nxc4 Rxc4 34.Rc2 e5 35.
fxe5 Rf8 36.Qg1 Rf3+ 37.Ke2 Rcxc3 38.Rxc3 Rxc3 39.Qg4 Qf7 40.Rf1 Rc2+ 41.
Kd1 Qxf1+ 42.Kxc2 Qd3+ 43.Kc1 Qc3+ 44.Kd1 Qxd4+ 45.Ke2 Qxe5 46.Qc8+ Kf7 
47.Qb7+ Kg6 48.Qa6+ Kh5 49.Qxa3 Qh2+ 50.Kd1 d4 51.Qa8 d3 52.Qe8+ g6 53.
Qxe4 Qc2+ 0-1

[Event "40th Asia-ch U20"]
[Site "Ulaanbaatar MGL"]
[Date "2018.08.22"]
[Round "5"]
[White "Erkhes, Bayartnar"]
[Black "Khuslen, Altan-Ochir"]
[Result "1-0"]
[WhiteElo "1762"]
[BlackElo "1780"]
[EventDate "2018.08.19"]
[PlyCount "0"]

1.e4 e5 2.Nf3 Nc6 3.Bb5 a6 4.Ba4 Nf6 5.O-O Be7 6.Re1 b5 7.Bb3 d6 8.c3 O-O 
9.h3 Bb7 10.d4 Re8 11.Nbd2 Bf8 12.a3 Qd7 13.Ba2 Rad8 14.Qc2 h6 15.Nf1 g6 
16.Ng3 Bg7 17.Bd2 Kh7 18.Rad1 d5 19.Bc1 exd4 20.e5 Ne4 21.cxd4 Nxg3 22.
fxg3 f5 23.Nh4 Qe6 24.Bb1 Nxd4 25.Rxd4 Bxe5 26.Rxe5 Qxe5 27.Nf3 Qe7 28.Rh4
h5 29.Bg5 Qg7 30.Bxd8 Rxd8 31.Ng5+ Kg8 32.Ne6 Qe7 33.Nxd8 Qxd8 34.Rd4 Qd6 
35.Qf2 c5 36.Rd1 d4 37.b4 Qe6 38.bxc5 Bd5 39.Qxd4 Bc6 40.Qd2 Kf8 41.Qd6+ 
Qxd6 42.Rxd6 Bb7 43.c6 Bxc6 44.Rxc6 1-0

[Event "40th Asia-ch U20"]
[Site "Ulaanbaatar MGL"]
[Date "2018.08.22"]
[Round "5"]
[White "Krishna Teja, N"]
[Black "Ochirbat, Lkhagvajamts"]
[Result "0-1"]
[WhiteElo "2389"]
[BlackElo "2007"]
[EventDate "2018.08.19"]
[PlyCount "0"]

1.d4 Nf6 2.c4 g6 3.Nc3 d5 4.Nf3 Bg7 5.Qb3 dxc4 6.Qxc4 O-O 7.e4 Na6 8.Be2 
c5 9.d5 e6 10.O-O exd5 11.exd5 Bf5 12.Nh4 Bd7 13.Be3 Qb6 14.a3 Ne8 15.Na4 
Bxa4 16.Qxa4 Nec7 17.Rfd1 Rfd8 18.Bf3 Nb5 19.Rd2 Nd4 20.Rad1 Qf6 21.Bxd4 
cxd4 22.Rxd4 g5 23.d6 gxh4 24.d7 Nc5 25.Qc4 Ne6 26.Rd6 Qe7 27.b4 Rab8 28.
b5 Nf8 29.Bg4 b6 30.Qc6 Ng6 31.Bf5 Qg5 32.Qe4 Bf8 33.R6d5 Qe7 34.Qg4 Qxa3 
35.Be4 Qe7 36.R5d2 Qe6 37.Bf5 Qf6 38.g3 Bc5 39.Be4 Qe6 40.Bf5 Qf6 41.Be4 
Kh8 42.Bc6 Ne5 43.Qe4 Ng6 44.Kg2 Rg8 45.Kf1 Rbd8 46.f4 hxg3 47.hxg3 Ne7 
48.Rh2 Nf5 49.Rd3 Rxg3 50.Rxh7+ Kg8 51.Rh5 Rg1+ 52.Ke2 Qb2+ 53.Rd2 Ng3+ 
54.Kf3 Qc3+ 55.Qd3 Qxd3+ 56.Rxd3 Nxh5 0-1

[Event "40th Asia-ch U20"]
[Site "Ulaanbaatar MGL"]
[Date "2018.08.22"]
[Round "5"]
[White "Azhigulov, Nurmat"]
[Black "Azjargal, Erdenebat"]
[Result "0-1"]
[WhiteElo "1721"]
[BlackElo "1564"]
[EventDate "2018.08.19"]
[PlyCount "0"]

1.e4 e5 2.Nc3 Nf6 3.f4 Bd6 4.f5 a5 5.Nf3 O-O 6.Bc4 Nc6 7.O-O Bc5+ 8.Kh1 
Ng4 9.Qe2 Nb4 10.Bb3 b6 11.h3 Ba6 12.d3 Nf6 13.Nxe5 Re8 14.Bxf7+ Kf8 15.
Bxe8 Qxe8 16.Ng4 Nh5 17.Kh2 Qe7 18.f6 Qd6+ 19.e5 Qc6 20.fxg7+ Kxg7 21.Nf6 
Kf7 22.Qxh5+ Ke7 23.Qxh7+ Ke6 24.Ng4 Rf8 25.Qh6+ Ke7 26.Bg5+ Ke8 27.Qh5+ 
Rf7 28.Qxf7# 0-1

[Event "40th Asia-ch U20"]
[Site "Ulaanbaatar MGL"]
[Date "2018.08.23"]
[Round "6"]
[White "Yakubboev, Nodirbek"]
[Black "Amartuvshin, Ganzorig"]
[Result "1-0"]
[WhiteElo "2512"]
[BlackElo "2236"]
[EventDate "2018.08.19"]
[PlyCount "0"]

1.Nf3 Nf6 2.d4 g6 3.Bg5 Bg7 4.Nbd2 O-O 5.c3 c5 6.dxc5 Na6 7.Nb3 b6 8.cxb6 
axb6 9.g3 Bb7 10.Bg2 Ne4 11.Be3 Nd6 12.O-O Nc4 13.Qc1 Nxe3 14.Qxe3 d6 15.
Nfd4 d5 16.Nb5 e5 17.Rfd1 f5 18.Qd2 e4 19.f4 Qe7 20.e3 g5 21.fxg5 Nc5 22.
N5d4 Nd3 23.Rf1 Bc8 24.Nc1 Ne5 25.Nce2 Ra5 26.Nf4 Ba6 27.Rfe1 h6 28.g6 Qd6
29.a4 Bd3 30.Bf1 Bxf1 31.Rxf1 Nc4 32.Qe2 1-0

[Event "40th Asia-ch U20"]
[Site "Ulaanbaatar MGL"]
[Date "2018.08.23"]
[Round "6"]
[White "Gan-Erdene, Sugar"]
[Black "Priasmoro, Novendra"]
[Result "1/2-1/2"]
[WhiteElo "2309"]
[BlackElo "2485"]
[EventDate "2018.08.19"]
[PlyCount "0"]

1.e4 c5 2.Nf3 Nc6 3.d4 cxd4 4.Nxd4 g6 5.c4 Bg7 6.Be3 Nf6 7.Nc3 d6 8.Be2 
O-O 9.O-O Bd7 10.a3 Rc8 11.f3 a6 12.Nxc6 Bxc6 13.Qd2 Nd7 14.b4 b6 15.Rac1 
Re8 16.Rfd1 Bb7 17.Bf1 Be5 18.Na4 Bc6 19.Nc3 Qc7 20.Qf2 Qb8 21.Nd5 b5 22.
cxb5 axb5 23.Bd4 Qb7 24.Nc3 Bf4 25.Be3 Bxe3 26.Qxe3 Nf6 27.Rd2 Bd7 28.Rdc2
Ra8 29.Ne2 Qa6 30.Rc3 e5 31.Qd3 Red8 32.Ng3 Be8 33.Qd2 Qb6+ 34.Qf2 Qb7 35.
Rd1 h5 36.Rcd3 Ra6 37.Ne2 Kg7 38.Qe3 Qb8 39.h3 Bd7 40.g4 hxg4 41.fxg4 Be6 
42.Ng3 Nh7 43.Rc3 Qb7 44.Rdc1 Rda8 45.Be2 Ra4 46.Bd1 R4a7 47.Be2 Rb8 48.
Rc6 Rba8 49.R6c3 Qd7 50.Rd1 Ra6 51.Kh2 Qe8 52.Rd2 Bd7 53.Rdc2 Qe7 54.Nf1 
Ng5 55.Nd2 Ne6 56.Nf3 Nf4 57.Bf1 g5 58.Kg3 Qf6 59.Rd2 Be8 60.Ne1 Qg6 61.
Nc2 Qh7 62.Kf2 R8a7 63.Qf3 Bd7 64.Ke1 Bc6 65.Re3 Qg6 66.Kd1 Qe6 67.Rc3 Qg6
68.Re3 Rc7 69.Bg2 d5 70.Rc3 d4 71.Rc5 Nxg2 72.Rxe5 Nh4 73.Qd3 Qf6 74.Rc5 
Re7 75.Nxd4 Bxe4 76.Qxb5 Kh6 77.Rxg5 Qxg5 78.Qxa6+ Kh7 79.Qf1 Rd7 80.Nb3 
Rc7 81.Nc5 Qe5 82.Qc4 Qa1+ 83.Ke2 Bf3+ 84.Kf2 Qe5 85.Qd3+ f5 86.Qd6 Qxd6 
87.Rxd6 fxg4 88.hxg4 Bxg4 89.Ne4 Nf5 90.Nf6+ Kg6 91.Ne8+ 1/2-1/2

[Event "40th Asia-ch U20"]
[Site "Ulaanbaatar MGL"]
[Date "2018.08.23"]
[Round "6"]
[White "Tugstumur, Yesuntumur"]
[Black "Batsuren, Dambasuren"]
[Result "0-1"]
[WhiteElo "2361"]
[BlackElo "2446"]
[EventDate "2018.08.19"]
[PlyCount "0"]

1.d4 Nf6 2.c4 e6 3.Nf3 Bb4+ 4.Bd2 a5 5.e3 b6 6.Bd3 Bb7 7.O-O O-O 8.Bxb4 
axb4 9.Nbd2 c5 10.Qc2 d6 11.Rfd1 Nbd7 12.b3 Qe7 13.Ne4 Ra6 14.d5 e5 15.Ng3
g6 16.e4 Ne8 17.Qd2 Nc7 18.Rac1 Rfa8 19.Rc2 Ra5 20.h4 Ba6 21.h5 b5 22.Qh6 
bxc4 23.bxc4 Qf6 24.hxg6 hxg6 25.Ng5 Qg7 26.Qh4 Ra3 27.Nf1 Ne8 28.Ne3 Nef6
29.Be2 Kf8 30.Rd3 Rxd3 31.Bxd3 Ke7 32.Nh3 Kd8 33.Qg5 Kc7 34.Nd1 Bc8 35.Qd2
Nb6 36.Ng5 Bd7 37.f4 Ng4 38.Nf2 Nxf2 39.Kxf2 exf4 40.Qxf4 Ra3 41.Be2 Qd4+ 
42.Kf1 f5 43.Rd2 Qe3 44.Qxe3 Rxe3 45.Kf2 Rc3 46.Ne6+ Kc8 47.exf5 gxf5 48.
Rd3 Nxc4 49.Rh3 Ne5 50.Rh8+ Kb7 51.Nd8+ Kb6 52.Ne6 Rc2 53.Ra8 c4 54.Ke3 
Kb7 55.Ra5 c3 56.Nd4 Rb2 57.Bb5 f4+ 58.Kxf4 c2 59.Nxc2 Kb6 60.Bxd7 Kxa5 
61.Bf5 Rxa2 62.g4 b3 63.Nd4 b2 64.Nb3+ Kb4 65.Nd2 Ra1 66.Nb1 Kc4 67.g5 Kd4
68.Bc2 Nd3+ 69.Kf5 Nb4 70.g6 Nxc2 71.g7 Ra8 72.Ke6 Ne3 73.Kf7 Nxd5 74.g8=Q
Rxg8 75.Kxg8 Nc3 76.Na3 Kd3 77.Kf7 Nb5 78.Nxb5 b1=Q 79.Nxd6 Kd4 80.Kf6 Qb6
81.Ke7 Kd5 82.Nf7 Qg6 83.Nd8 Qd6+ 84.Ke8 Qc7 85.Nf7 Ke6 86.Ng5+ Kf5 87.Nf7
Kf6 88.Nd8 Qe7# 0-1

[Event "40th Asia-ch U20"]
[Site "Ulaanbaatar MGL"]
[Date "2018.08.23"]
[Round "6"]
[White "Garidmagnai, Byambasuren"]
[Black "Baasansuren, Erdene"]
[Result "1/2-1/2"]
[WhiteElo "2128"]
[BlackElo "2240"]
[EventDate "2018.08.19"]
[PlyCount "0"]

1.c4 g6 2.d4 Nf6 3.Nc3 Bg7 4.Nf3 O-O 5.e4 d6 6.Be2 e5 7.O-O Nc6 8.d5 Ne7 
9.Nd2 Ne8 10.b4 f5 11.c5 Nf6 12.f3 f4 13.Nc4 g5 14.Ba3 Ng6 15.b5 dxc5 16.
Bxc5 Rf7 17.a4 h5 18.a5 g4 19.b6 g3 20.Kh1 Bf8 21.Bg1 cxb6 22.axb6 a6 23.
Re1 gxh2 24.Bf2 h4 25.d6 h3 26.g4 Be6 27.Ra5 Rc8 28.Nxe5 Rxc3 29.Nxg6 Qxd6
30.Bd4 Bb3 31.Qd2 Rc2 32.Qd3 Qb4 33.Raa1 Rd2 34.Bc3 Rxd3 35.Bxb4 Bxb4 36.
Bxd3 Bxe1 37.Rxe1 Nd7 38.e5 Be6 39.Bf5 Nf8 40.Rc1 Bxf5 41.gxf5 Nxg6 42.
fxg6 Rf5 43.e6 Re5 44.Rc8+ Kg7 45.Rc7+ Kxg6 46.e7 Kf7 47.Rxb7 Rb5 48.Kxh2 
a5 49.Kxh3 a4 50.Kg4 a3 51.Kxf4 a2 52.Ra7 Rxb6 53.Kg5 a1=Q 54.Rxa1 Kxe7 
55.f4 Kf7 56.f5 Rc6 57.Ra7+ Kf8 58.Rh7 Rb6 1/2-1/2

[Event "40th Asia-ch U20"]
[Site "Ulaanbaatar MGL"]
[Date "2018.08.23"]
[Round "6"]
[White "Agibileg, Uurtsaikh"]
[Black "Tenuunbold, Battulga"]
[Result "1-0"]
[WhiteElo "2302"]
[BlackElo "1469"]
[EventDate "2018.08.19"]
[PlyCount "0"]

1.d4 d5 2.c4 c6 3.Nc3 Nf6 4.Nf3 dxc4 5.a4 Bg4 6.Ne5 Bh5 7.f3 e6 8.e3 Nd5 
9.Bxc4 Bb4 10.O-O Nd7 11.Nd3 Bd6 12.e4 Nxc3 13.bxc3 O-O 14.e5 Be7 15.a5 c5
16.d5 exd5 17.Bxd5 Rb8 18.c4 Kh8 19.Bb2 b6 20.Qd2 bxa5 21.Bc3 Nb6 22.Bxa5 
Qd7 23.Nf2 f5 24.Bc3 Rbd8 25.Rfd1 Bg6 26.Nh3 Qc7 27.Qa2 Rfe8 28.Nf4 Rd7 
29.Nxg6+ hxg6 30.f4 Qc8 31.Bf7 Red8 32.Rxd7 Qxd7 33.Qxa7 Ra8 34.Qxd7 Rxa1+
35.Bxa1 Nxd7 36.Bxg6 Kg8 37.Bxf5 1-0

[Event "40th Asia-ch U20"]
[Site "Ulaanbaatar MGL"]
[Date "2018.08.23"]
[Round "6"]
[White "Bulgankhan, Ganzorig"]
[Black "Tengis, Tsog-Ochir"]
[Result "0-1"]
[WhiteElo "2103"]
[BlackElo "2186"]
[EventDate "2018.08.19"]
[PlyCount "0"]

1.c4 Nf6 2.Nc3 g6 3.e4 c5 4.Nf3 Nc6 5.d4 cxd4 6.Nxd4 Bg7 7.Be3 O-O 8.Be2 
b6 9.O-O Bb7 10.f3 Rc8 11.Qd2 e6 12.Ncb5 Qe7 13.Nxc6 dxc6 14.Qd6 Qd8 15.
Qxd8 Rcxd8 16.Nxa7 Nd7 17.Rfd1 Be5 18.a4 Bb8 19.Nxc6 Bxc6 20.b4 Be5 21.Ra3
Bb2 22.Ra2 Bc3 23.b5 Bb7 24.Ra3 Bf6 25.a5 Be7 26.Rad3 Nc5 27.Rxd8 Rxd8 28.
Rxd8+ Bxd8 29.Bxc5 bxc5 30.a6 Bc8 31.e5 Bb6 32.f4 Kf8 33.Kf2 Ke8 34.Bf3 
Kd7 35.Bc6+ Kc7 36.Kg3 Bxa6 37.Be8 Bc8 38.Bxf7 Kd8 39.f5 exf5 40.Kf4 Ke7 
41.Bg8 h6 42.h4 Be6 43.Bh7 Kf7 44.h5 g5+ 0-1

[Event "40th Asia-ch U20"]
[Site "Ulaanbaatar MGL"]
[Date "2018.08.23"]
[Round "6"]
[White "Taivanbat, Chimeddorj"]
[Black "Chinguun, Sumiya"]
[Result "1-0"]
[WhiteElo "1691"]
[BlackElo "2108"]
[EventDate "2018.08.19"]
[PlyCount "0"]

1.e4 c5 2.Nf3 e6 3.d4 cxd4 4.Nxd4 a6 5.c4 Nf6 6.Nc3 Qc7 7.Be3 b6 8.Be2 Bb7
9.f3 d6 10.Rc1 Nbd7 11.O-O Be7 12.Qe1 O-O 13.Qf2 Rac8 14.b4 Qb8 15.Nb3 Bd8
16.Na4 Ba8 17.c5 b5 18.Nb6 Bxb6 19.cxb6 d5 20.Nc5 Nxc5 21.bxc5 Rfe8 22.a4 
dxe4 23.axb5 exf3 24.Bxf3 axb5 25.Ra1 Bd5 26.Bxd5 exd5 27.Ra7 Qe5 28.Bd4 
Qe6 29.Bxf6 gxf6 30.Qxf6 Qxf6 31.Rxf6 d4 32.Rd7 Rc7 33.Rf1 Rc6 34.b7 d3 
35.Rdxf7 d2 36.Rd7 Rb6 37.g4 Rb8 38.Rd1 R6xb7 39.R1xd2 Rxd7 40.Rxd7 Rc8 
41.Rd4 Rxc5 42.g5 Re5 43.h4 Kf7 44.h5 Kg8 45.g6 hxg6 46.hxg6 Kg7 47.Rg4 
Re2 48.Kf1 Re6 49.Kf2 Re5 50.Kf3 Re8 51.Kf4 Re2 52.Kf5 Re1 53.Rd4 Rf1+ 54.
Ke6 Kxg6 55.Kd6 Kf6 56.Kc6 Rb1 57.Kb6 Ke5 58.Rd2 Ke6 59.Kc5 Ke7 60.Kc6 Ke8
1-0

[Event "40th Asia-ch U20"]
[Site "Ulaanbaatar MGL"]
[Date "2018.08.23"]
[Round "6"]
[White "Itgelt, Khuyagtsogt"]
[Black "Batbold, Nyamsuren"]
[Result "1/2-1/2"]
[WhiteElo "2119"]
[BlackElo "1759"]
[EventDate "2018.08.19"]
[PlyCount "0"]

1.d4 d5 2.Nf3 c6 3.g3 Nf6 4.Bg2 Bf5 5.Nbd2 h6 6.c4 e6 7.O-O Nbd7 8.b3 Bb4 
9.Bb2 O-O 10.a3 Bd6 11.Ne5 Bxe5 12.dxe5 Ng4 13.e4 dxe4 14.Nxe4 Bxe4 15.
Bxe4 Ngxe5 16.Qe2 Re8 17.Rad1 Qc7 18.h4 f5 19.Bc2 Rad8 20.Rfe1 Ng4 21.Kg2 
c5 22.f3 Ngf6 23.Rd2 Nf8 24.Be5 Rxd2 25.Qxd2 Rd8 26.Qe3 Qe7 27.Bc3 Qc7 28.
Bxf6 gxf6 29.Qxh6 Rd7 30.Qe3 Rg7 31.f4 Qc6+ 32.Kf2 b6 33.Bd1 Rd7 34.Bf3 
Qc7 35.Rd1 Qd8 36.Rxd7 Qxd7 37.Ke2 Qd6 38.Qd3 Qxd3+ 39.Kxd3 e5 40.Ke3 Kg7 
41.fxe5 fxe5 42.g4 fxg4 43.Bxg4 Nh7 44.Ke4 Nf6+ 45.Kf5 e4 46.Be2 Kf7 47.h5
Kg7 48.h6+ Kf7 49.Bd1 a6 50.Be2 Ke7 51.b4 Kf7 52.bxc5 bxc5 53.a4 a5 54.Bd1
e3 55.Be2 Nd7 56.Ke4 Nb6 57.Kxe3 Nxa4 58.Bd3 Kg8 59.Kd2 Nb6 60.Kc3 a4 61.
Kb2 Nxc4+ 62.Bxc4+ Kh7 63.Ka3 Kxh6 64.Kxa4 Kg5 65.Kb5 Kf6 66.Kxc5 1/2-1/2

[Event "40th Asia-ch U20"]
[Site "Ulaanbaatar MGL"]
[Date "2018.08.23"]
[Round "6"]
[White "Chinguun, Otgonbayar"]
[Black "Erkhes, Bayartnar"]
[Result "1-0"]
[WhiteElo "1952"]
[BlackElo "1762"]
[EventDate "2018.08.19"]
[PlyCount "0"]

1.d4 d5 2.c4 c6 3.Nc3 Nf6 4.e3 e6 5.Nf3 Nbd7 6.Bd3 dxc4 7.Bxc4 b5 8.Bd3 
Bb7 9.O-O a6 10.a3 c5 11.Qe2 Qb6 12.Rd1 Be7 13.Bd2 O-O 14.Be1 Rac8 15.Rac1
Rfd8 16.Bb1 Nf8 17.dxc5 Bxc5 18.b4 Bd6 19.e4 e5 20.Bd2 Ne6 21.Be3 Nd4 22.
Bxd4 exd4 23.Na2 Rxc1 24.Nxc1 Bb8 25.Nb3 Qc7 26.Nbxd4 Qd6 27.Bc2 Qc7 28.h3
Re8 29.e5 Nd5 30.Qd3 g6 31.g3 Qd7 32.Ne2 Qxh3 33.Bb3 Ne7 34.Bxf7+ Kf8 35.
Bxe8 Qh5 36.Qd8 Bc7 37.Bxg6+ Bxd8 1-0

[Event "40th Asia-ch U20"]
[Site "Ulaanbaatar MGL"]
[Date "2018.08.23"]
[Round "6"]
[White "Azjargal, Erdenebat"]
[Black "Suleymenov, Alisher"]
[Result "0-1"]
[WhiteElo "1564"]
[BlackElo "2343"]
[EventDate "2018.08.19"]
[PlyCount "0"]

1.e4 c5 2.Nf3 Nc6 3.Bb5 d6 4.d4 cxd4 5.Nxd4 Bd7 6.O-O Nf6 7.Nc3 g6 8.Nxc6 
bxc6 9.Bc4 Bg7 10.Kh1 O-O 11.f3 Be6 12.Bxe6 fxe6 13.f4 Rb8 14.Qd3 Qd7 15.
Rb1 e5 16.fxe5 Ng4 17.Bf4 Nxe5 18.Bxe5 Bxe5 19.b3 Kg7 20.Ne2 c5 21.c4 Qg4 
22.Rf3 Qh4 23.g3 Qh3 24.Ng1 Qe6 25.Rbf1 Rxf3 26.Qxf3 a5 27.a4 Bf6 28.Ne2 
Qe5 29.Qd3 Qb2 30.Rb1 Rxb3 31.Qxb3 Qxe2 32.Rd1 Qxe4+ 33.Kg1 Bd4+ 34.Kf1 
Qh1+ 35.Ke2 Qxh2+ 36.Kd3 Qxg3+ 37.Kc2 Qxb3+ 38.Kxb3 g5 39.Kc2 g4 40.Rd2 
Kg6 41.Kd3 Kf5 42.Ke2 h5 43.Kf1 h4 44.Re2 h3 45.Rxe7 g3 46.Re2 g2+ 47.Rxg2
hxg2+ 48.Kxg2 0-1